00293nam a2200121Ia 4500008004100000100003400041245002000075260003000095300000800125650001400133942000700147999001700154190216s9999||||xx |||||||||||||| ||und|| aAkkitham Achyuthan Namboodiri 0aNimishakshetram bNational Book Stallc1978 a97p aKavithkal cBK c25373d25373